000
00252nam a22001217a 4500
008
181107b xxu||||| |||| 00| 0 eng d
041
_a
eng
080
_a
370
100
_a
49
101
_a
edu
245
_a
Gadilaac Desert
_c
Marc,E
942
_2
udc
_c
BK
999
_c
52062
_d
52062